[Event "Titled Tuesday intern op 17th Oct Late"]
[Site "Chess.com INT"]
[Date "2023.10.17"]
[Round "11"]
[White "Djokic, Mihailo"]
[Black "Pon, Matt"]
[Result "1-0"]
[WhiteElo "2137"]
[BlackElo "2185"]
[PlyCount "85"]
[EventDate "2023.10.17"]
[EventType "swiss (blitz)"]
[EventRounds "11"]
[EventCountry "USA"]
[SourceTitle "EXT 2025"]
[Source "ChessBase"]
[SourceDate "2024.10.14"]
[SourceVersion "1"]
[SourceVersionDate "2024.10.14"]
[SourceQuality "1"]

1. e4 e6 2. d4 d5 3. Nd2 Nf6 4. Bd3 c5 5. exd5 exd5 6. dxc5 Nc6 7. Ngf3 Bxc5 8. 0-0 0-0 9. Nb3 Bd6 10. h3 h6 11. c3 Re8 12. Bc2 Qe7 13. Re1 Be6 14. Nbd4 Rad8 15. Bf5 Qd7 16. Nxe6 fxe6 17. Bg6 Rf8 18. Qc2 Bb8 19. Be3 b6 20. Rad1 Qc7 21. Bd4 Nxd4 22. cxd4 Qd6 23. Ne5 Rc8 24. Bf7+ Rxf7 25. Qxc8+ Rf8 26. Qc6 Ne4 27. Qxd6 Bxd6 28. f3 Bxe5 29. fxe4 Bg3 30. Rf1 dxe4 31. Rxf8+ Kxf8 32. Kf1 Ke7 33. Ke2 Bf4 34. g3 Bxg3 35. Rg1 Bf4 36. Rxg7+ Kd6 37. Rxa7 Kd5 38. Ra4 Bg5 39. Rb4 Bd8 40. h4 Bxh4 41. Rxb6 Bg5 42. a4 h5 43. Rb5+ 1-0

[Event "Titled Tuesday intern op 17th Oct Late"]
[Site "Chess.com INT"]
[Date "2023.10.17"]
[Round "3"]
[White "Osmonbekov, Talaibek D"]
[Black "Pon, Matt"]
[Result "0-1"]
[WhiteElo "2137"]
[BlackElo "2185"]
[PlyCount "80"]
[EventDate "2023.10.17"]
[EventType "swiss (blitz)"]
[EventRounds "11"]
[EventCountry "USA"]
[SourceTitle "EXT 2025"]
[Source "ChessBase"]
[SourceDate "2024.10.14"]
[SourceVersion "1"]
[SourceVersionDate "2024.10.14"]
[SourceQuality "1"]

1. d4 Nf6 2. Nc3 c5 3. d5 e5 4. d6 Qb6 5. e4 Qxd6 6. Bg5 a6 7. Qxd6 Bxd6 8. Bxf6 gxf6 9. Nd5 Nc6 10. 0-0-0 Rb8 11. Nxf6+ Ke7 12. Nd5+ Kd8 13. Nb6 Bc7 14. Nd5 Bd6 15. Nf3 h6 16. Nh4 Bf8 17. Nf5 d6 18. Nfe3 Be6 19. Nb6 h5 20. Ned5 f5 21. Bd3 Bh6+ 22. Kb1 Rf8 23. f3 h4 24. exf5 Bxf5 25. Bxf5 Rxf5 26. Rhe1 Bf8 27. Re4 h3 28. gxh3 Rxf3 29. Rh4 Ke8 30. c3 Kf7 31. Rg1 Bg7 32. Rh7 Rg8 33. Nc4 Ke6 34. Rgxg7 Rxg7 35. Rxg7 Kxd5 36. Nb6+ Ke4 37. Rxb7 Rxh3 38. Rc7 Nd8 39. Rd7 Ne6 40. Rxd6 Nf4 0-1

[Event "Titled Tuesday intern op 17th Oct Late"]
[Site "Chess.com INT"]
[Date "2023.10.17"]
[Round "2"]
[White "Pon, Matt"]
[Black "Lagarde, Maxime"]
[Result "0-1"]
[WhiteElo "2185"]
[BlackElo "2626"]
[PlyCount "88"]
[EventDate "2023.10.17"]
[EventType "swiss (blitz)"]
[EventRounds "11"]
[EventCountry "USA"]
[SourceTitle "EXT 2025"]
[Source "ChessBase"]
[SourceDate "2024.10.14"]
[SourceVersion "1"]
[SourceVersionDate "2024.10.14"]
[SourceQuality "1"]

1. e4 c6 2. d3 d5 3. Nd2 g6 4. Ngf3 Bg7 5. g3 e5 6. Bg2 Ne7 7. 0-0 0-0 8. Re1 Nd7 9. a4 Re8 10. b3 c5 11. Bb2 d4 12. Nc4 Nc6 13. Nd6 Re6 14. Nxc8 Rxc8 15. Rf1 Rc7 16. Nd2 Bh6 17. Nc4 Rf6 18. Bc1 Bxc1 19. Qxc1 Nb6 20. Nxb6 axb6 21. Qg5 Rd6 22. Qd2 f6 23. f4 Rf7 24. f5 g5 25. Bf3 Rg7 26. Qe2 Qa8 27. Kg2 Qa5 28. Rf2 Kf8 29. Rh1 Ke7 30. h4 gxh4 31. Rxh4 Rd8 32. g4 Rdg8 33. Kh1 Nd8 34. Rfh2 Nf7 35. Rxh7 Ng5 36. Rxg7+ Rxg7 37. Bg2 Qc3 38. Rh8 Nf7 39. Rh5 Qa1+ 40. Kh2 Qc1 41. Qf2 Rxg4 42. Rh7 Qg5 43. Bf3 Qf4+ 44. Kh1 Rg3 0-1

[Event "Titled Tuesday intern op 10th Oct Late"]
[Site "Chess.com INT"]
[Date "2023.10.10"]
[Round "10"]
[White "Marchesich, Giovanni"]
[Black "Pon, Matt"]
[Result "0-1"]
[WhiteElo "2197"]
[BlackElo "2185"]
[PlyCount "70"]
[EventDate "2023.10.10"]
[EventType "swiss (blitz)"]
[EventRounds "11"]
[EventCountry "USA"]
[SourceTitle "EXT 2025"]
[Source "ChessBase"]
[SourceDate "2024.10.14"]
[SourceVersion "1"]
[SourceVersionDate "2024.10.14"]
[SourceQuality "1"]

1. Nf3 Nf6 2. g3 g6 3. Bg2 Bg7 4. 0-0 0-0 5. d4 d6 6. Re1 Nbd7 7. a4 e5 8. e4 Re8 9. Nc3 exd4 10. Nxd4 c6 11. Bf4 Ne5 12. h3 a5 13. g4 Qb6 14. b3 Nfxg4 15. hxg4 Nxg4 16. Nce2 d5 17. Qd3 dxe4 18. Bxe4 f5 19. Bf3 Rxe2 20. Nxe2 Qxf2+ 21. Kh1 Qh4+ 22. Kg1 Qf2+ 23. Kh1 Bxa1 24. Bg3 Qh2+ 25. Bxh2 Nf2+ 26. Kg2 Nxd3 27. Rxa1 Nb4 28. Rd1 Be6 29. Nd4 Bf7 30. Bc7 Nd5 31. Be5 Re8 32. Re1 f4 33. Kf2 g5 34. c4 Nb4 35. Bf6 Nd3+ 0-1

[Event "Titled Tuesday intern op 10th Oct Late"]
[Site "Chess.com INT"]
[Date "2023.10.10"]
[Round "3"]
[White "Pon, Matt"]
[Black "Micic, Aleksa"]
[Result "0-1"]
[WhiteElo "2185"]
[BlackElo "2145"]
[PlyCount "126"]
[EventDate "2023.10.10"]
[EventType "swiss (blitz)"]
[EventRounds "11"]
[EventCountry "USA"]
[SourceTitle "EXT 2025"]
[Source "ChessBase"]
[SourceDate "2024.10.14"]
[SourceVersion "1"]
[SourceVersionDate "2024.10.14"]
[SourceQuality "1"]

1. e4 c5 2. Nf3 d6 3. g3 Nf6 4. d3 g6 5. Bg2 Bg7 6. 0-0 0-0 7. Re1 Nc6 8. c3 Rb8 9. a4 a6 10. h3 b5 11. axb5 axb5 12. d4 cxd4 13. cxd4 d5 14. e5 Ne4 15. Nc3 b4 16. Nxe4 dxe4 17. Rxe4 Bf5 18. Re1 b3 19. Be3 Nb4 20. Ra7 Nc2 21. Re2 Ra8 22. Rxa8 Qxa8 23. Nd2 Qa2 24. g4 Bd3 25. Nxb3 Qxb3 26. Rd2 Rc8 27. Rxd3 Qxb2 28. Qe2 Qb1+ 29. Rd1 Qb3 30. Rc1 Rc3 31. Qd2 Rc4 32. Bf1 Nxe3 33. fxe3 Rxc1 34. Qxc1 Bh6 35. Kf2 Bg5 36. Be2 Kg7 37. Qd2 Qb1 38. Qd1 Qe4 39. Qd3 Qh1 40. Bf1 Bh4+ 41. Ke2 Qh2+ 42. Kd1 Qf2 43. Qe2 Qg3 44. Kc2 Bg5 45. Kd3 f6 46. exf6+ exf6 47. Bg2 Qd6 48. Qb2 Qg3 49. Qb7+ Kh6 50. Qf3 Qe1 51. d5 Qb1+ 52. Kd4 Qb4+ 53. Kd3 Qb3+ 54. Kd2 Qb2+ 55. Kd3 Qb3+ 56. Ke2 Qc2+ 57. Ke1 Qd3 58. Kf2 Qd2+ 59. Kg3 Bxe3 60. Qxf6 Qe1+ 61. Kh2 Bg1+ 62. Kh1 Bf2+ 63. Kh2 Qg1# 0-1

[Event "Titled Tuesday intern op 10th Oct Late"]
[Site "Chess.com INT"]
[Date "2023.10.10"]
[Round "9"]
[White "Pon, Matt"]
[Black "Pace, Christopher"]
[Result "0-1"]
[WhiteElo "2185"]
[BlackElo "2053"]
[PlyCount "46"]
[EventDate "2023.10.10"]
[EventType "swiss (blitz)"]
[EventRounds "11"]
[EventCountry "USA"]
[SourceTitle "EXT 2025"]
[Source "ChessBase"]
[SourceDate "2024.10.14"]
[SourceVersion "1"]
[SourceVersionDate "2024.10.14"]
[SourceQuality "1"]

1. e4 e5 2. Nf3 Nc6 3. Bb5 Nge7 4. 0-0 g6 5. c3 Bg7 6. d4 exd4 7. cxd4 d5 8. exd5 Nxd5 9. Re1+ Be6 10. Ng5 0-0 11. Nxe6 fxe6 12. Bxc6 bxc6 13. Nc3 Qh4 14. g3 Qxd4 15. Be3 Nxe3 16. Rxe3 Qb6 17. Na4 Qb5 18. Qb3 Bd4 19. Rxe6 Qxb3 20. axb3 Rxf2 21. Kh1 c5 22. Rc6 Re8 23. Nc3 Rxb2 0-1

[Event "Titled Tuesday intern op 10th Oct Late"]
[Site "Chess.com INT"]
[Date "2023.10.10"]
[Round "11"]
[White "Pon, Matt"]
[Black "Yi, Danny"]
[Result "0-1"]
[WhiteElo "2185"]
[BlackElo "2253"]
[PlyCount "74"]
[EventDate "2023.10.10"]
[EventType "swiss (blitz)"]
[EventRounds "11"]
[EventCountry "USA"]
[SourceTitle "EXT 2025"]
[Source "ChessBase"]
[SourceDate "2024.10.14"]
[SourceVersion "1"]
[SourceVersionDate "2024.10.14"]
[SourceQuality "1"]

1. e4 c5 2. Nf3 Nc6 3. g3 g6 4. Bg2 Bg7 5. 0-0 e6 6. d3 Nge7 7. Re1 0-0 8. c3 d5 9. e5 Rb8 10. a4 a6 11. h4 b5 12. axb5 axb5 13. Bf4 b4 14. Nbd2 bxc3 15. bxc3 Bb7 16. Nb3 c4 17. Nc5 cxd3 18. Qxd3 Bc8 19. Nd4 Qb6 20. Na4 Qc7 21. Nf3 Na5 22. Bf1 Nc4 23. Nd4 Bd7 24. Bg5 Nc6 25. Qd1 N4xe5 26. Bf4 Rbc8 27. Nc5 Qd6 28. Nb7 Qc7 29. Nc5 Qd8 30. Nxc6 Nxc6 31. Bd6 Re8 32. Qb3 Ne7 33. Ra7 Bc6 34. Bf4 Nf5 35. Bd3 d4 36. Bxf5 exf5 37. Rxe8+ Qxe8 0-1

[Event "Titled Tuesday intern op 26th Sep Late"]
[Site "Chess.com INT"]
[Date "2023.09.26"]
[Round "11"]
[White "Carrasco Miranda, Andres"]
[Black "Pon, Matt"]
[Result "1-0"]
[WhiteElo "2241"]
[BlackElo "2185"]
[PlyCount "93"]
[EventDate "2023.09.26"]
[EventType "swiss (blitz)"]
[EventRounds "11"]
[EventCountry "USA"]
[SourceTitle "EXT 2024"]
[Source "ChessBase"]
[SourceDate "2023.10.10"]
[SourceVersion "1"]
[SourceVersionDate "2023.10.10"]
[SourceQuality "1"]

1. d4 Nf6 2. c4 c5 3. d5 e5 4. Nc3 d6 5. e4 Nbd7 6. g3 h5 7. h4 Be7 8. Bg2 a6 9. a4 Nf8 10. Nge2 N6d7 11. Be3 g5 12. Bxg5 Bxg5 13. hxg5 Qxg5 14. Qd2 Qg6 15. a5 Rb8 16. Bh3 b6 17. Bf5 Qg7 18. axb6 Rxb6 19. Nb5 axb5 20. Ra8 b4 21. Rxc8+ Ke7 22. Qc2 Ra6 23. 0-0 h4 24. Kg2 Ra7 25. Rh1 hxg3 26. Rxh8 Qxh8 27. Nxg3 Ra1 28. Qd2 Qg7 29. Rc7 Kd8 30. Rb7 Qh8 31. Qg5+ f6 32. Qg4 Kc8 33. Rxd7 Nxd7 34. Bxd7+ Kb8 35. Bb5 Qd8 36. Qe6 Ra7 37. Kf3 Re7 38. Qxf6 Qc7 39. Ke3 Rf7 40. Qe6 Rf4 41. Nf5 Qh7 42. Qxd6+ Ka7 43. Qxc5+ Kb8 44. Qb6+ Kc8 45. Ba6+ Kd7 46. Qc6+ Kd8 47. Qc8# 1-0

[Event "Titled Tuesday intern op 22nd Sept"]
[Site "Chess.com INT"]
[Date "2020.09.22"]
[Round "10"]
[White "Espinosa Veloz, Ermes"]
[Black "Pon, Matt"]
[Result "1/2-1/2"]
[WhiteElo "2485"]
[BlackElo "2185"]
[PlyCount "86"]
[EventDate "2020.09.22"]
[EventType "swiss (blitz)"]
[EventRounds "10"]
[EventCountry "USA"]
[SourceTitle "CBM 198 Extra"]
[Source "ChessBase"]
[SourceDate "2020.11.30"]
[SourceVersion "1"]
[SourceVersionDate "2020.11.30"]
[SourceQuality "1"]

1. e4 e6 2. d4 d5 3. Nc3 Bb4 4. e5 c5 5. a3 Bxc3+ 6. bxc3 Ne7 7. Qg4 Qc7 8. Qxg7 Rg8 9. Qxh7 cxd4 10. Ne2 Nbc6 11. f4 dxc3 12. h4 d4 13. h5 Bd7 14. h6 0-0-0 15. Qd3 Kb8 16. h7 Rh8 17. g4 Bc8 18. Bg2 b6 19. Rb1 Bb7 20. Be4 Ng6 21. Rh5 a5 22. Qb5 Ka7 23. Qc4 Nge7 24. Bd3 Qd7 25. Ng3 Nb8 26. Ne4 Nc8 27. Nf6 Qe7 28. Rb3 Ba6 29. Qa4 Bxd3 30. cxd3 Qb7 31. Rb1 Qg2 32. Qb5 Qg3+ 33. Ke2 Qg2+ 34. Ke1 Na6 35. Nd7 Nc7 36. Qa4 Qg1+ 37. Ke2 Qxg4+ 38. Kf2 Qxh5 39. Nxb6 Qh2+ 40. Kf1 Qh1+ 41. Kf2 Qh2+ 42. Kf1 Qh3+ 43. Kf2 Qh2+ 1/2-1/2

[Event "Titled Tuesday intern op 22nd Sept"]
[Site "Chess.com INT"]
[Date "2020.09.22"]
[Round "6"]
[White "Pon, Matt"]
[Black "Di Berardino, Diego Rafael"]
[Result "0-1"]
[WhiteElo "2185"]
[BlackElo "2471"]
[PlyCount "68"]
[EventDate "2020.09.22"]
[EventType "swiss (blitz)"]
[EventRounds "10"]
[EventCountry "USA"]
[SourceTitle "CBM 198 Extra"]
[Source "ChessBase"]
[SourceDate "2020.11.30"]
[SourceVersion "1"]
[SourceVersionDate "2020.11.30"]
[SourceQuality "1"]

1. e4 c5 2. Nf3 b6 3. g3 Bb7 4. d3 e6 5. Bg2 Nf6 6. 0-0 d5 7. Nbd2 dxe4 8. Ng5 Be7 9. Ndxe4 Nc6 10. Nxf6+ Bxf6 11. Qh5 Bxg5 12. Bxg5 Qd7 13. Rae1 0-0 14. Be4 f5 15. Bg2 Nd4 16. c3 Bxg2 17. Kxg2 Qd5+ 18. f3 Nc6 19. Re3 Qxa2 20. Rf2 Rae8 21. Rfe2 e5 22. c4 Qa6 23. f4 Qb7 24. Kh3 h6 25. Bxh6 gxh6 26. Qg6+ Kh8 27. fxe5 Nd4 28. Rf2 Qg7 29. Qd6 Re6 30. Qd5 Rfe8 31. Rf4 Rxe5 32. Rxe5 Rxe5 33. Qd8+ Kh7 34. Rh4 Nf3 0-1

[Event "Titled Tuesday intern op 22nd Sept"]
[Site "Chess.com INT"]
[Date "2020.09.22"]
[Round "8"]
[White "Pon, Matt"]
[Black "Jain, Naveen"]
[Result "1-0"]
[WhiteElo "2185"]
[BlackElo "2032"]
[PlyCount "59"]
[EventDate "2020.09.22"]
[EventType "swiss (blitz)"]
[EventRounds "10"]
[EventCountry "USA"]
[SourceTitle "CBM 198 Extra"]
[Source "ChessBase"]
[SourceDate "2020.11.30"]
[SourceVersion "1"]
[SourceVersionDate "2020.11.30"]
[SourceQuality "1"]

1. e4 Nf6 2. Nc3 d5 3. exd5 Nxd5 4. Bc4 Nb6 5. Bb3 Bf5 6. Qf3 Qc8 7. Nge2 e6 8. Ng3 Bg6 9. h4 h5 10. d3 c5 11. a4 Nc6 12. Nce2 Be7 13. c3 Ne5 14. Qe3 Nxd3+ 15. Kf1 Nxc1 16. Rxc1 0-0 17. Nf4 c4 18. Nxg6 fxg6 19. Bc2 Bc5 20. Qe4 Rxf2+ 21. Ke1 Qf8 22. Qxe6+ Kh8 23. Qxg6 Re8+ 24. Be4 Rxe4+ 25. Nxe4 Rf5 26. Rc2 Nd7 27. Ng5 Qe7+ 28. Re2 Bf2+ 29. Kd1 Rd5+ 30. Kc1 1-0

[Event "Titled Tuesday intern op 15th Sept"]
[Site "Chess.com INT"]
[Date "2020.09.15"]
[Round "7"]
[White "Bordi, Kevin Claude"]
[Black "Pon, Matt"]
[Result "0-1"]
[WhiteElo "2288"]
[BlackElo "2185"]
[PlyCount "134"]
[EventDate "2020.09.15"]
[EventType "swiss (blitz)"]
[EventRounds "10"]
[EventCountry "USA"]
[SourceTitle "CBM 198 Extra"]
[Source "ChessBase"]
[SourceDate "2020.11.30"]
[SourceVersion "1"]
[SourceVersionDate "2020.11.30"]
[SourceQuality "1"]

1. e4 e6 2. d4 d5 3. Nd2 Nf6 4. e5 Nfd7 5. c3 c5 6. Ngf3 Nc6 7. Bd3 a6 8. 0-0 g5 9. dxc5 g4 10. Nd4 Ndxe5 11. Be2 h5 12. b4 Bg7 13. f4 Ng6 14. N2b3 f5 15. Nxc6 bxc6 16. Nd4 Qc7 17. Bd3 0-0 18. Qc2 a5 19. b5 cxb5 20. Nxb5 Qxc5+ 21. Kh1 Qc6 22. Ba3 Rd8 23. Nd4 Bxd4 24. cxd4 Qxc2 25. Bxc2 Ba6 26. Rf2 Rdc8 27. Bc5 Rab8 28. Re1 Kf7 29. Ba4 Rb7 30. g3 Bd3 31. Kg1 Ne7 32. Rd2 Be4 33. Ree2 Rb1+ 34. Rd1 Rcb8 35. Kf2 Rxd1 36. Bxd1 Rb1 37. Ba4 Nc8 38. Ke3 Nb6 39. Bxb6 Rxb6 40. Bc2 Rb2 41. Bd1 Rb1 42. Bc2 Rf1 43. Bxe4 fxe4 44. Rb2 Rf3+ 45. Ke2 Rd3 46. Rb7+ Kf6 47. Rh7 Rxd4 48. Rxh5 Ra4 49. Rh6+ Ke7 50. Rh7+ Kd6 51. Rh6 Rxa2+ 52. Ke1 Ke7 53. Rh7+ Kf6 54. Rh6+ Kf7 55. Rh7+ Kf8 56. Rh6 Ke7 57. Rh7+ Kd6 58. Rh6 d4 59. f5 e3 60. Rxe6+ Kd5 61. Re8 Rf2 62. Ra8 d3 63. Rxa5+ Ke4 64. Ra4+ Kxf5 65. Rd4 d2+ 66. Kd1 Rf1+ 67. Kc2 Rc1+ 0-1

[Event "Titled Tuesday intern op 15th Sept"]
[Site "Chess.com INT"]
[Date "2020.09.15"]
[Round "6"]
[White "Tristan, Leonardo"]
[Black "Pon, Matt"]
[Result "0-1"]
[WhiteElo "2535"]
[BlackElo "2185"]
[PlyCount "106"]
[EventDate "2020.09.15"]
[EventType "swiss (blitz)"]
[EventRounds "10"]
[EventCountry "USA"]
[SourceTitle "CBM 198 Extra"]
[Source "ChessBase"]
[SourceDate "2020.11.30"]
[SourceVersion "1"]
[SourceVersionDate "2020.11.30"]
[SourceQuality "1"]

1. d4 Nf6 2. Bf4 g6 3. e3 Bg7 4. Nf3 d6 5. Be2 Nbd7 6. 0-0 0-0 7. h3 Qe8 8. Bh2 e5 9. c4 Qe7 10. Nc3 c6 11. c5 dxc5 12. dxe5 Ne8 13. e6 Qxe6 14. Ng5 Qe7 15. Nge4 Ne5 16. Qb3 Be6 17. Qa3 b6 18. Rfd1 f5 19. Nd2 Kh8 20. Nf3 Nc4 21. Qa6 Nxb2 22. Rdc1 c4 23. Rab1 Bc8 24. Qxc8 Rxc8 25. Rxb2 Qa3 26. Rbc2 b5 27. Nd4 Qe7 28. Bf3 Qf6 29. Nce2 a6 30. Nf4 c5 31. Nde6 Rf7 32. Nxg7 Kxg7 33. Nd5 Qe6 34. Nf4 Qb6 35. Bd5 Re7 36. Bf3 Nf6 37. h4 Rd8 38. h5 Red7 39. hxg6 hxg6 40. Bg3 g5 41. Nh5+ Nxh5 42. Bxh5 g4 43. f3 Rd1+ 44. Rxd1 Rxd1+ 45. Kf2 Qd8 46. fxg4 Rd2+ 47. Rxd2 Qxd2+ 48. Kf3 fxg4+ 49. Bxg4 c3 50. Be5+ Kg6 51. Kf4 c2 52. Bf5+ Kf7 53. g4 c1Q 0-1

[Event "Titled Tuesday intern op 08th Sept"]
[Site "Chess.com INT"]
[Date "2020.09.08"]
[Round "4"]
[White "Idrisova, Roza"]
[Black "Pon, Matt"]
[Result "1/2-1/2"]
[WhiteElo "1960"]
[BlackElo "2185"]
[PlyCount "122"]
[EventDate "2020.09.08"]
[EventType "swiss (blitz)"]
[EventRounds "10"]
[EventCountry "USA"]
[SourceTitle "CBM 198 Extra"]
[Source "ChessBase"]
[SourceDate "2020.11.30"]
[SourceVersion "1"]
[SourceVersionDate "2020.11.30"]
[SourceQuality "1"]

1. d4 Nf6 2. Nf3 c5 3. d5 g6 4. c4 Bg7 5. Nc3 d6 6. e4 e6 7. Be2 exd5 8. cxd5 0-0 9. 0-0 Re8 10. Nd2 a6 11. a4 Nbd7 12. Qc2 Rb8 13. Nc4 Ne5 14. Nxe5 Rxe5 15. Bf4 Re8 16. Rfe1 Ng4 17. Bxg4 Bxg4 18. h3 Bc8 19. Rab1 b5 20. axb5 axb5 21. b4 Qf6 22. Ne2 c4 23. Be3 Qe7 24. f3 f5 25. Nd4 Bxd4 26. Bxd4 Qf7 27. Ra1 Rb7 28. Bb2 fxe4 29. Qc3 Re5 30. Rxe4 Qxd5 31. Ra8 Rc7 32. Rxe5 dxe5 33. Ra1 Re7 34. Re1 Kf7 35. Rxe5 Rxe5 36. Qxe5 Qxe5 37. Bxe5 Ke6 38. Bc3 Kf5 39. Kf2 h5 40. h4 Ke6 41. Ke3 Kd5 42. g3 Bf5 43. Kf4 Ke6 44. g4 hxg4 45. fxg4 Bd3 46. h5 gxh5 47. gxh5 Kf7 48. Ke5 Be2 49. h6 Kg6 50. Bd2 Bh5 51. Kd5 Kh7 52. Kc5 Be8 53. Kd4 Kg6 54. Kc3 Kh7 55. Be3 Bg6 56. Bd2 Bh5 57. Kd4 Be8 58. Kc3 Bd7 59. Kd4 Be8 60. Kc3 Bc6 61. Kd4 Be8 1/2-1/2

[Event "Titled Tuesday intern op 08th Sept"]
[Site "Chess.com INT"]
[Date "2020.09.08"]
[Round "2"]
[White "Pon, Matt"]
[Black "Sonis, Francesco"]
[Result "1/2-1/2"]
[WhiteElo "2185"]
[BlackElo "2481"]
[PlyCount "91"]
[EventDate "2020.09.08"]
[EventType "swiss (blitz)"]
[EventRounds "10"]
[EventCountry "USA"]
[SourceTitle "CBM 198 Extra"]
[Source "ChessBase"]
[SourceDate "2020.11.30"]
[SourceVersion "1"]
[SourceVersionDate "2020.11.30"]
[SourceQuality "1"]

1. e4 e5 2. Nf3 Nc6 3. Bb5 a6 4. Ba4 d6 5. c3 g6 6. d3 Bg7 7. Nbd2 Bd7 8. Nf1 h6 9. Ng3 Nge7 10. h3 0-0 11. 0-0 d5 12. exd5 Nxd5 13. Re1 Nb6 14. Bxc6 Bxc6 15. Nxe5 Bd5 16. d4 Nc4 17. Nxc4 Bxc4 18. b3 Bd5 19. Bf4 c5 20. Be5 f6 21. Bf4 cxd4 22. Qxd4 g5 23. Nf5 Rf7 24. Bg3 Rd7 25. Nxg7 Kxg7 26. Qb4 a5 27. Qg4 Rc8 28. c4 Bf7 29. Rad1 Rxd1 30. Rxd1 Qe8 31. Qd4 a4 32. h4 axb3 33. axb3 b5 34. hxg5 hxg5 35. cxb5 Qxb5 36. f4 Qxb3 37. fxg5 Qxg3 38. Qxf6+ Kg8 39. Rd8+ Rxd8 40. Qxd8+ Kh7 41. Qf6 Bd5 42. Qh6+ Kg8 43. Qg6+ Kf8 44. Qf5+ Bf7 45. g6 Qxg6 46. Qxg6 1/2-1/2